[Event "Titled Tue 24th Jun Early"]
[Site "chess.com INT"]
[Date "2025.06.24"]
[Round "6"]
[White "Bruhovich, Olexandr"]
[Black "Gimeno Martos, Roberto"]
[Result "0-1"]
[WhiteTitle "CM"]
[BlackTitle "CM"]
[WhiteElo "2208"]
[BlackElo "2090"]
[WhiteFideId "14119919"]
[BlackFideId "2226804"]
[EventDate "2025.06.24"]

1. e4 c5 2. Nf3 Nc6 3. d4 cxd4 4. Nxd4 a6 5. Nc3 e5 6. Nxc6 bxc6 7. Be2 Nf6 8.
Bg5 Be7 9. O-O O-O 10. Qd2 h6 11. Bxf6 Bxf6 12. Rfd1 Rb8 13. Na4 d5 14. exd5
cxd5 15. Qxd5 Qe7 16. Qd6 Qxd6 17. Rxd6 Bf5 18. c3 Bc2 19. b3 Rfd8 20. Rxd8+
Rxd8 21. Rc1 Rd2 22. Bxa6 e4 23. Nc5 Bxc3 24. Nxe4 Bxe4 25. Rxc3 Rxa2 26. Bf1
Rb2 27. h3 g5 28. Bc4 Kg7 29. Re3 f5 30. f3 Bc2 31. Re2 Rb1+ 32. Kf2 Bxb3 33.
Re7+ Kg6 34. Rb7 Bc2 35. Rc7 Rb2 36. Rc6+ Kg7 37. Rc7+ Kg6 38. Bf7+ Kf6 39. Ke3
f4+ 40. Kd4 Bf5 41. Bc4 Rd2+ 42. Kc3 Rd6 43. Ra7 Rc6 44. Kd4 Rd6+ 45. Kc5 Rd2
46. Rf7+ Ke5 47. Re7+ Kf6 48. Re2 Rxe2 49. Bxe2 Kg6 50. Kd6 Bc8 51. Ke5 Bd7 52.
Bd3+ Kg7 53. Be4 Be8 54. Ke6 Bf7+ 55. Ke7 Bc4 56. Bf5 Bf1 57. Bg4 Bxg2 58. Ke6
Kg6 59. Bf5+ Kh5 60. Bg4+ Kh4 61. Kf6 Bxh3 62. Bxh3 Kxh3 63. Kg6 Kg3 64. Kxh6
Kxf3 65. Kxg5 Ke3 0-1

[Event "Titled Tue 24th Jun Early"]
[Site "chess.com INT"]
[Date "2025.06.24"]
[Round "6"]
[White "Sailer, Mike"]
[Black "Modric, Nesa"]
[Result "1-0"]
[BlackTitle "CM"]
[WhiteElo "2108"]
[BlackElo "2088"]
[WhiteFideId "2012901"]
[BlackFideId "922579"]
[EventDate "2025.06.24"]

1. d4 d5 2. Nf3 Bf5 3. Bf4 e6 4. e3 Bd6 5. Ne5 Nf6 6. c4 c6 7. Qb3 Qb6 8. c5
Qxb3 9. axb3 Be7 10. b4 Nh5 11. Nc3 f6 12. Nf3 Nxf4 13. exf4 Nd7 14. b5 Kf7 15.
Be2 cxb5 16. Bxb5 Nb8 17. Kd2 a6 18. Bd3 Bxd3 19. Kxd3 Nc6 20. Na4 Bd8 21. Rhe1
Ba5 22. Re2 Rhe8 23. Nc3 Bc7 24. g3 h5 25. h4 Nb4+ 26. Kd2 Rad8 27. Ra4 Nc6 28.
b4 e5 29. fxe5 fxe5 30. dxe5 Bxe5 31. Nxe5+ Nxe5 32. Ra2 Nc4+ 33. Ke1 d4 34. Ne4
d3 35. Nd6+ Nxd6 36. Rxe8 Rxe8+ 37. Kd2 Nb5 38. Kxd3 Rd8+ 39. Ke3 Rd4 40. Rb2
Rc4 41. f3 g6 42. Kf2 Kf6 43. Rb3 Ke5 44. Re3+ Kf5 45. Rb3 Rc2+ 46. Ke3 Rc3+ 47.
Rxc3 Nxc3 48. Kd4 Ne2+ 49. Kd5 Nxg3 50. Kd6 Kf6 51. Kc7 Nf5 52. Kxb7 Nd4 53.
Kxa6 1-0

[Event "Titled Tue 24th Jun Early"]
[Site "chess.com INT"]
[Date "2025.06.24"]
[Round "6"]
[White "Shuvalova, Polina"]
[Black "Kezin, Roman"]
[Result "0-1"]
[WhiteTitle "IM"]
[BlackTitle "IM"]
[WhiteElo "2480"]
[BlackElo "2471"]
[WhiteFideId "24171760"]
[BlackFideId "24124621"]
[EventDate "2025.06.24"]

1. e4 c5 2. Nf3 e6 3. c3 d5 4. exd5 exd5 5. d4 Nc6 6. Bb5 Bd6 7. O-O Nf6 8. Re1+
Be6 9. Ng5 O-O 10. Rxe6 fxe6 11. Nxe6 Bxh2+ 12. Kh1 Qd6 13. Nxf8 Ne4 14. Be3
cxd4 15. Bxc6 bxc6 16. Qxd4 Rxf8 17. Nd2 Nxd2 18. Qxd2 Be5 19. Bxa7 Bf4 20. Qd3
Rf6 21. Kg1 Rh6 22. Re1 Bh2+ 23. Kf1 Be5 24. Kg1 c5 25. Qf3 Bh2+ 26. Kf1 Rf6 27.
Qe3 Qa6+ 28. Re2 Qxa7 29. g3 d4 30. Qe8+ Rf8 31. Qe6+ Kh8 32. Kg2 d3 33. Rd2 c4
34. Kxh2 Rxf2+ 35. Rxf2 Qxf2+ 36. Kh3 h6 37. Qe8+ Kh7 38. Qe4+ g6 39. Qe7+ Kg8
40. Qe6+ Qf7 41. Qc8+ Kg7 42. Qd8 h5 43. Qd4+ Kh7 44. Kh2 Qe6 45. a4 Qe2+ 46.
Kh3 Qg4+ 47. Qxg4 hxg4+ 0-1

[Event "Titled Tue 24th Jun Early"]
[Site "chess.com INT"]
[Date "2025.06.24"]
[Round "6"]
[White "Przybylski, Bartosz"]
[Black "Sahib, Singh"]
[Result "0-1"]
[WhiteTitle "CM"]
[BlackTitle "FM"]
[WhiteElo "2101"]
[BlackElo "2407"]
[WhiteFideId "21878323"]
[BlackFideId "25618342"]
[EventDate "2025.06.24"]

1. e4 c5 2. Nf3 d6 3. d4 cxd4 4. Nxd4 Nf6 5. Nc3 a6 6. Bg5 Nbd7 7. Bc4 Qb6 8.
Bb3 e6 9. Bxf6 Nxf6 10. Qd2 Be7 11. O-O-O Bd7 12. Kb1 Rc8 13. Rhe1 O-O 14. f4
Bc6 15. e5 Ne8 16. Nxc6 Qxc6 17. f5 exf5 18. Nd5 Bd8 19. e6 fxe6 20. Nb4 Qc7 21.
Bxe6+ Kh8 22. Nd5 Qc5 23. Bxc8 Qxc8 24. Ne7 Qd7 25. Nd5 h6 26. Nf4 Kh7 27. Qd5
Nf6 28. Qe6 Qxe6 29. Nxe6 Re8 30. Nxd8 Rxd8 31. Re7 Ne4 32. Rxb7 d5 33. c3 f4
34. Ra7 Rd6 35. Rf7 Nf6 36. a4 Kg6 37. Rb7 Kf5 38. a5 g5 39. Rb6 Ke5 40. c4 d4
41. Rxd6 Kxd6 42. Rxd4+ Kc5 43. Rd8 Ne4 44. Rh8 Nd2+ 45. Kc2 Nxc4 46. Rxh6 Ne3+
47. Kd3 g4 48. Ke4 Nxg2 49. Rg6 f3 50. Rf6 Kb5 51. Kf5 f2 52. Kxg4 Ne3+ 53. Kg3
f1=Q 54. Rxf1 Nxf1+ 55. Kg2 Nxh2 56. Kxh2 Kxa5 57. Kg2 Kb4 58. Kf2 Kb3 59. Ke2
Kxb2 60. Kd3 a5 61. Kc4 a4 62. Kb4 a3 0-1

[Event "Titled Tue 24th Jun Early"]
[Site "chess.com INT"]
[Date "2025.06.24"]
[Round "6"]
[White "Tiitta, Sauli"]
[Black "Agarwal, Amaya"]
[Result "0-1"]
[BlackTitle "WCM"]
[WhiteElo "2157"]
[BlackElo "2004"]
[WhiteFideId "502251"]
[BlackFideId "48733580"]
[EventDate "2025.06.24"]

1. g4 e5 2. d4 exd4 3. Nf3 d5 4. Nxd4 Bc5 5. Nc3 Ne7 6. h3 Nd7 7. Be3 Nf6 8. Qd3
Bxd4 9. Bxd4 c6 10. Bxf6 gxf6 11. O-O-O Be6 12. e4 Qb6 13. exd5 Nxd5 14. Nxd5
cxd5 15. Qb5+ Qxb5 16. Bxb5+ Ke7 17. Rhe1 Rhd8 18. Rd4 Rac8 19. Kd2 a6 20. Ba4
Rc7 21. Bb3 Kd6 22. f4 b5 23. f5 Bd7 24. Rxd5+ Kc6 25. Kc1 a5 26. a4 bxa4 27.
Ba2 Kb6 28. Re4 Rdc8 29. c4 Bc6 30. Rd6 Kb7 31. Red4 Bg2 32. h4 Bf3 33. Bb1
Rxc4+ 34. Rxc4 Rxc4+ 35. Kd2 Rc7 36. Bc2 Bxg4 37. Bxa4 Bxf5 38. Rxf6 Bd7 39. Bb3
Bc6 40. Bxf7 Rd7+ 41. Kc3 Kc7 42. Bh5 Bd5 43. Be2 Be4 44. Ra6 Rd5 45. Ra7+ Kb6
46. Rxh7 Bxh7 47. Bc4 Rd7 48. Kb3 Rc7 49. Be6 Rc6 50. Bd5 Rh6 51. Bc4 Rxh4 52.
Be2 Rh3+ 53. Ka2 Bf5 54. b3 Be6 0-1

[Event "Titled Tue 24th Jun Early"]
[Site "chess.com INT"]
[Date "2025.06.24"]
[Round "6"]
[White "Weerasekara, Dishal Nimsara"]
[Black "Gong, Qianyun"]
[Result "1-0"]
[WhiteTitle "FM"]
[BlackTitle "WGM"]
[WhiteElo "2125"]
[BlackElo "2228"]
[WhiteFideId "9997431"]
[BlackFideId "8602425"]
[EventDate "2025.06.24"]

1. c4 Nf6 2. Nc3 c5 3. Nf3 Nc6 4. g3 d5 5. cxd5 Nxd5 6. d4 cxd4 7. Nxd4 Nxc3 8.
bxc3 e5 9. Nxc6 Qxd1+ 10. Kxd1 bxc6 11. Bg2 Bd7 12. Kc2 Bf5+ 13. e4 Be6 14. f4
Bd6 15. f5 Bc4 16. Bf1 Bxf1 17. Rxf1 O-O-O 18. Be3 Rd7 19. Rfd1 Rhd8 20. Rd3 Bb8
21. Rad1 Rxd3 22. Rxd3 Rxd3 23. Kxd3 Kc7 24. Kc4 Kd6 25. Kb4 Kc7 26. Bc5 h5 27.
Bf8 g6 28. fxg6 fxg6 29. h3 Kb7 30. Kc5 a5 31. Bd6 Ba7+ 32. Kc4 Bf2 33. Bxe5 Kc8
34. g4 h4 35. Bd4 Bg3 36. Kc5 Kd7 37. e5 Bh2 38. Kb6 a4 39. Ka5 c5 40. Bxc5 Bxe5
41. Bd4 Bd6 42. Kxa4 Ke6 43. Kb5 Kd5 44. a4 Ke4 45. a5 Kf3 46. a6 Bb8 47. Kc6
Kg2 48. Kb7 Bg3 49. a7 Kxh3 50. a8=Q Kh2 51. Qh8 h3 52. Be5 Kg2 53. Bxg3 Kxg3
54. c4 g5 55. c5 1-0

[Event "Titled Tue 24th Jun Early"]
[Site "chess.com INT"]
[Date "2025.06.24"]
[Round "6"]
[White "Adewumi, Tanitoluwa"]
[Black "Aarit Kapil"]
[Result "1-0"]
[WhiteTitle "FM"]
[BlackTitle "CM"]
[WhiteElo "2362"]
[BlackElo "2078"]
[WhiteFideId "30966396"]
[BlackFideId "33408947"]
[EventDate "2025.06.24"]

1. Nf3 Nf6 2. b3 e6 3. Bb2 d5 4. e3 Bd6 5. d4 c6 6. Bd3 Nbd7 7. c4 Qc7 8. O-O b6
9. Nc3 Bb7 10. cxd5 exd5 11. Rc1 Qb8 12. Qc2 h6 13. Ne2 O-O 14. Ng3 Re8 15. Nf5
Bf8 16. Ne5 Nxe5 17. dxe5 Rxe5 18. Bxe5 Qxe5 19. Qc3 Qxc3 20. Rxc3 c5 21. Rd1 g6
22. Ng3 Bd6 23. Be2 h5 24. Bf3 a5 25. Rcd3 a4 26. Ne2 Be5 27. Nc3 axb3 28. axb3
Bxc3 29. Rxc3 Ra2 30. h3 g5 31. g3 g4 32. hxg4 hxg4 33. Bg2 d4 34. Rcd3 Bxg2 35.
Kxg2 Ne4 36. exd4 Nxf2 37. R3d2 Nxd1 38. Rxa2 cxd4 39. Rd2 Ne3+ 40. Kf2 Nf5 41.
Rc2 Nd6 42. Ke2 Ne4 43. Kd3 Nxg3 44. Rg2 Nf5 45. Rxg4+ Kf8 46. Rg5 Ng7 47. Rb5
Ne6 48. Rxb6 Ke7 49. Rb7+ Kd6 50. Rxf7 Nc5+ 51. Kc4 d3 52. Rf6+ Ke5 53. Rf1 Nxb3
54. Kxb3 Kd4 55. Rd1 Ke3 56. Kc3 Ke2 57. Rd2+ Ke1 58. Rxd3 Ke2 59. Rh3 Ke1 60.
Rh2 Kd1 61. Ra2 Kc1 62. Ra1# 1-0

[Event "Titled Tue 24th Jun Early"]
[Site "chess.com INT"]
[Date "2025.06.24"]
[Round "6"]
[White "Tsiolakidis, Anastasios"]
[Black "Tari, Aryan"]
[Result "0-1"]
[WhiteTitle "FM"]
[BlackTitle "GM"]
[WhiteElo "2298"]
[BlackElo "2636"]
[WhiteFideId "4201477"]
[BlackFideId "1510045"]
[EventDate "2025.06.24"]

1. e4 a5 2. Nf3 e6 3. d4 d5 4. exd5 exd5 5. c4 Nf6 6. Nc3 Be7 7. cxd5 Nxd5 8.
Bc4 c6 9. Ne5 Be6 10. Qb3 b5 11. Bxd5 Bxd5 12. Nxd5 Qxd5 13. Qxd5 cxd5 14. Bd2
f6 15. Nd3 Nc6 16. Be3 Nb4 17. Nxb4 axb4 18. Kd2 Kd7 19. Rhc1 Ra6 20. Kc2 Rc8+
21. Kb3 Rc4 22. Rc2 f5 23. g3 g5 24. Rd2 g4 25. Rf1 Re6 26. h4 Bf6 27. Rd3 h5
28. f3 f4 29. gxf4 g3 30. f5 Rxe3 31. Rxe3 g2 32. Rg1 Bxd4 33. Ree1 Bxg1 34.
Rxg1 Rxh4 35. Rxg2 Rf4 36. Rg7+ Kd6 37. Rg6+ Ke5 38. Rh6 h4 39. f6 Kd6 40. f7+
Kc5 41. Rxh4 Rxf3+ 42. Kc2 Rxf7 43. a3 Rf2+ 44. Kb3 Rf3+ 45. Kc2 bxa3 46. bxa3
Rxa3 47. Kb2 Rf3 48. Rh5 b4 49. Kc2 Kc4 50. Kb2 Rf2+ 51. Kc1 d4 52. Rh3 b3 53.
Rh8 d3 54. Rc8+ Kd4 55. Rd8+ Ke4 56. Re8+ Kf3 57. Rf8+ Kg2 58. Rd8 Rc2+ 59. Kb1
d2 60. Rd3 Rc1+ 61. Kb2 d1=Q 62. Rxd1 Rxd1 63. Kxb3 Kf2 0-1

[Event "Titled Tue 24th Jun Early"]
[Site "chess.com INT"]
[Date "2025.06.24"]
[Round "6"]
[White "Fronda, Jan Jodilyn"]
[Black "Shubenkova, Veronika"]
[Result "0-1"]
[WhiteTitle "WIM"]
[BlackTitle "WFM"]
[WhiteElo "2115"]
[BlackElo "2031"]
[WhiteFideId "5204585"]
[BlackFideId "44124040"]
[EventDate "2025.06.24"]

1. e4 c5 2. Nf3 Nc6 3. Bb5 e6 4. O-O Nge7 5. Re1 a6 6. Bf1 d6 7. d4 cxd4 8. Nxd4
Nxd4 9. Qxd4 Nc6 10. Qd2 Be7 11. b3 Bf6 12. c3 O-O 13. Bb2 b5 14. Na3 Bb7 15.
Nc2 Qc7 16. Rad1 Rfd8 17. Nd4 Rac8 18. h3 Ne7 19. c4 bxc4 20. Bxc4 d5 21. exd5
Nxd5 22. Rxe6 fxe6 23. Nxe6 Qf7 24. Nxd8 Rxd8 25. Qa5 Rd7 26. Bxf6 gxf6 27. Rd4
Kh8 28. Bxa6 Bxa6 29. Qxa6 Qe7 30. g3 Kg7 31. Rg4+ Kf7 32. Qc4 Qe1+ 33. Kg2 f5
34. Rd4 Qe6 35. a4 Kf6 36. a5 Ke5 37. Qe2+ Kd6 38. Qa6+ Ke5 39. Qe2+ Kf6 40. Qc4
Ke5 41. b4 Rc7 42. Qe2+ Kd6 43. Qd3 Qe5 44. b5 Rc1 45. Qa3+ Rc5 46. Rc4 Ne3+ 47.
fxe3 Qd5+ 48. Kf2 Qxc4 49. b6 Qc2+ 50. Kf3 Kc6 51. Qa1 Qe4+ 52. Kf2 Rc2+ 53. Ke1
Qxe3+ 54. Kd1 Qd2# 0-1

[Event "Titled Tue 24th Jun Early"]
[Site "chess.com INT"]
[Date "2025.06.24"]
[Round "6"]
[White "Gunawardhana, Devindya Oshini"]
[Black "Rojas Alarcon, Julian Antonio"]
[Result "0-1"]
[WhiteTitle "WIM"]
[BlackTitle "FM"]
[WhiteElo "2121"]
[BlackElo "2365"]
[WhiteFideId "29941482"]
[BlackFideId "5107407"]
[EventDate "2025.06.24"]

1. Nf3 e6 2. g3 d5 3. d4 Nf6 4. Bg2 Be7 5. O-O O-O 6. Nbd2 c5 7. c3 Nc6 8. Re1
b5 9. a4 b4 10. Qc2 bxc3 11. bxc3 Ba6 12. Ba3 Rc8 13. dxc5 Na5 14. e4 Bxc5 15.
Bxc5 Rxc5 16. Rad1 d4 17. e5 Nd5 18. Ne4 d3 19. Qd2 Rc7 20. Bf1 Rd7 21. Nc5 Nc4
22. Qxd3 Nxe5 23. Qe4 Nf6 24. Rxd7 Nexd7 25. Qe3 Bxf1 26. Rxf1 Qa5 27. Nxd7 Nxd7
28. Qd4 Nf6 29. Rd1 Rc8 30. Ne5 h6 31. Rd3 a6 32. h4 Qc7 33. Qf4 Nd5 34. Qd4
Nxc3 35. Kh2 Nd5 36. Ng4 Qc4 37. Ne5 Qxd4 38. Rxd4 Rc2 39. Kg2 Ra2 40. Nd7 h5
41. Nc5 a5 42. Nb7 Ne3+ 43. Kf3 Ng4 44. Nxa5 Rxf2+ 45. Ke4 f5+ 46. Kd3 Rf3+ 47.
Kc4 Rxg3 48. Nc6 e5 49. Rd8+ Kf7 50. a5 Ra3 51. Kb4 Ra1 52. Kb5 f4 53. a6 f3 54.
a7 f2 55. Na5 f1=Q+ 56. Kb6 Rb1+ 57. Kc7 Qc1+ 58. Nc6 Ra1 59. Rd7+ Kf6 0-1

[Event "Titled Tue 24th Jun Early"]
[Site "chess.com INT"]
[Date "2025.06.24"]
[Round "6"]
[White "Mummana Venkata Ruthvik"]
[Black "Gruzman, Ilya"]
[Result "0-1"]
[WhiteTitle "CM"]
[BlackTitle "CM"]
[WhiteElo "2237"]
[BlackElo "2165"]
[WhiteFideId "25697307"]
[BlackFideId "2812703"]
[EventDate "2025.06.24"]

1. Nf3 d5 2. g3 g6 3. Bg2 Bg7 4. O-O e5 5. d3 Nc6 6. c4 dxc4 7. dxc4 e4 8. Qxd8+
Nxd8 9. Ne1 f5 10. Nc2 Be6 11. Ne3 Nc6 12. Nc3 O-O-O 13. Ned5 Ne5 14. Bg5 Rd7
15. b3 h6 16. Be3 c6 17. Nf4 Bf7 18. Rac1 g5 19. Nh3 Ng4 20. Bxa7 Ne7 21. f3
exf3 22. exf3 Ne5 23. Na4 Rd2 24. Rf2 Rhd8 25. Re1 N7g6 26. Ree2 Rd1+ 27. Rf1 g4
28. fxg4 fxg4 29. Nf4 Nf3+ 30. Bxf3 gxf3 31. Rf2 Nxf4 32. gxf4 Rxf1+ 33. Rxf1
Bh5 34. Nb6+ Kc7 35. Na4 Rd2 36. Rf2 Rd1+ 37. Rf1 Rd6 38. Be3 Bf6 39. f5 Kc8 40.
Nb6+ Kd8 41. Rf2 Rd1+ 42. Rf1 Rd3 43. Bxh6 Bd4+ 44. Kh1 Bxb6 45. f6 f2 46. Kg2
Bf3+ 47. Kg3 Be2+ 48. Kh4 Bxf1 49. f7 Bc5 50. Bg5+ Kd7 51. Kg4 Bf8 52. Bf6 Be2+
53. Kg5 f1=Q 54. Kg6 Qxf6+ 0-1

[Event "Titled Tue 24th Jun Early"]
[Site "chess.com INT"]
[Date "2025.06.24"]
[Round "6"]
[White "Boramanikar, Tanisha S"]
[Black "Newansa, M Esandi"]
[Result "0-1"]
[WhiteTitle "WCM"]
[BlackTitle "WCM"]
[WhiteElo "1743"]
[BlackElo "1945"]
[WhiteFideId "35023454"]
[BlackFideId "9999060"]
[EventDate "2025.06.24"]

1. e4 c6 2. d4 d5 3. e5 Bf5 4. Ne2 e6 5. Ng3 Bg6 6. h4 h6 7. h5 Bh7 8. Bd3 Bxd3
9. cxd3 Nd7 10. O-O Qb6 11. Qg4 Ne7 12. Be3 Qxb2 13. Nd2 Qa3 14. Rab1 Nb6 15.
Nb3 Qxa2 16. f4 g6 17. Nc5 O-O-O 18. Ra1 Qc2 19. Rxa7 Nf5 20. Nxf5 gxf5 21. Qh4
Bxc5 22. dxc5 Qxd3 23. cxb6 Qxe3+ 24. Kh2 Qxb6 25. Rfa1 Kd7 26. Qf6 Rdf8 27. Ra8
c5 28. Rxf8 Rxf8 29. Qxh6 Qd8 30. Ra7 Kc6 31. Qg7 Qe8 32. h6 Rg8 33. Qf6 Rg6 34.
Qh4 Qh8 35. Qe1 Rxh6+ 36. Kg3 Qd8 37. Qa1 Qb6 38. Qa4+ Kc7 39. Ra8 Rg6+ 40. Kf3
d4 41. Qe8 Qc6+ 42. Ke2 Qxe8 43. Rxe8 Kd7 44. Rb8 Rxg2+ 45. Kf3 Rb2 46. Rf8 Ke7
47. Rc8 Rb3+ 48. Ke2 b6 49. Kd2 Rb2+ 50. Kd3 Rf2 51. Rc7+ Kf8 52. Rc8+ Kg7 53.
Rb8 Rxf4 54. Rxb6 Re4 55. Rc6 Rxe5 0-1

[Event "Titled Tue 24th Jun Early"]
[Site "chess.com INT"]
[Date "2025.06.24"]
[Round "6"]
[White "Atoyan, Alberto"]
[Black "Naroditsky, Daniel"]
[Result "0-1"]
[WhiteTitle "CM"]
[BlackTitle "GM"]
[WhiteElo "2266"]
[BlackElo "2619"]
[WhiteFideId "13314831"]
[BlackFideId "2026961"]
[EventDate "2025.06.24"]

1. e4 c5 2. Nf3 g6 3. d4 cxd4 4. Nxd4 Bg7 5. Nc3 Nc6 6. Be3 Nf6 7. Bc4 O-O 8.
Bb3 Re8 9. O-O d6 10. h3 Na5 11. Qd2 Bd7 12. Rfe1 Rc8 13. Rad1 a6 14. Bh6 Bh8
15. Nd5 Nc4 16. Bxc4 Rxc4 17. c3 b5 18. a3 Rc8 19. Bg5 Nxd5 20. exd5 Rc5 21. Nb3
Rc4 22. Re2 Bf6 23. Bxf6 exf6 24. Rde1 Re5 25. Re3 a5 26. Nc1 Qb6 27. Qe2 Rc8
28. Kh2 b4 29. axb4 axb4 30. c4 Qd4 31. b3 Rce8 32. Nd3 Rxe3 33. fxe3 Qc3 34.
Nc1 Bf5 35. Kh1 Bc2 36. Qf2 Bxb3 37. Nxb3 Qxb3 38. Qxf6 Qc3 39. Qxc3 bxc3 40.
Kg1 Re4 41. Kf2 Rxc4 42. Rc1 Kg7 43. Ke2 Kf6 44. Kd3 Rc5 45. Kd4 c2 46. e4 Ke7
47. Kd3 Kf6 48. Kd4 Rc8 49. Rf1+ Kg5 50. Rc1 Kf4 51. Kd3 Ke5 52. Ke3 f6 53. Kd3
h5 54. Ke3 Rc3+ 55. Kd2 Rg3 56. Kxc2 Kxe4 57. Re1+ Kxd5 58. Re2 f5 59. Kd2 f4
60. Ke1 Re3 0-1

[Event "Titled Tue 24th Jun Early"]
[Site "chess.com INT"]
[Date "2025.06.24"]
[Round "6"]
[White "Pastor Carvajal, Jeigoth"]
[Black "Nugumanov, Bakhtiyar"]
[Result "1-0"]
[WhiteTitle "CM"]
[BlackTitle "IM"]
[WhiteElo "2051"]
[BlackElo "2305"]
[WhiteFideId "6516718"]
[BlackFideId "13701797"]
[EventDate "2025.06.24"]

1. Nf3 d5 2. b3 c5 3. Bb2 Nc6 4. g3 Nf6 5. Bg2 d4 6. d3 e5 7. e4 g6 8. O-O Bg7
9. a4 O-O 10. Nh4 Ne8 11. Na3 f5 12. exf5 gxf5 13. f4 exf4 14. Rxf4 Be5 15. Rf1
f4 16. Nc4 fxg3 17. Rxf8+ Kxf8 18. Nxe5 Nxe5 19. hxg3 Qg5 20. Nf3 Qxg3 21. Nxe5
Qxe5 22. Qf3+ Qf6 23. Qh5 Bf5 24. Bxb7 Rb8 25. Bg2 Ng7 26. Qf3 Kg8 27. Ba3 Re8
28. Rf1 Re3 29. Qd5+ Kh8 30. Bxc5 Qg6 31. Bxd4 Re2 32. Qd8+ Re8 33. Qh4 Bd7 34.
Qf4 Kg8 35. Qf6 Qxf6 36. Bxf6 Re2 37. Bd5+ Kh8 38. Rf2 Rxf2 39. Kxf2 h5 40. Bd4
Kh7 41. Bxa7 h4 42. Be4+ Kh6 43. Be3+ Kh5 44. Bf3+ Bg4 45. Bxg4+ Kxg4 46. a5 Nf5
47. a6 h3 48. a7 Nxe3 49. Kxe3 h2 50. a8=Q h1=Q 51. Qxh1 1-0

[Event "Titled Tue 24th Jun Early"]
[Site "chess.com INT"]
[Date "2025.06.24"]
[Round "6"]
[White "Causo, Deniel"]
[Black "Kononenko, Dmitry2"]
[Result "0-1"]
[WhiteTitle "FM"]
[BlackTitle "FM"]
[WhiteElo "2224"]
[BlackElo "2205"]
[WhiteFideId "5203660"]
[BlackFideId "14113538"]
[EventDate "2025.06.24"]

1. e4 c6 2. d4 d5 3. Nc3 dxe4 4. Nxe4 Bf5 5. Ng3 Bg6 6. N1e2 Nf6 7. Nf4 e5 8.
dxe5 Qa5+ 9. c3 Qxe5+ 10. Be2 Nbd7 11. O-O O-O-O 12. Qa4 Bc5 13. Nxg6 hxg6 14.
Bf4 Rh4 15. Bxe5 Rxa4 16. Bxf6 Nxf6 17. b4 Bb6 18. Bc4 Ra3 19. Bxf7 Rxc3 20.
Bxg6 Rd2 21. a4 a5 22. bxa5 Bxa5 23. h4 Kc7 24. h5 Bb6 25. Nf5 Ng4 26. Nxg7
Bxf2+ 27. Rxf2 Rxf2 28. Nf5 Rcc2 29. Nh4 Ra2 30. Re1 Rfe2 31. Rc1 Rxa4 32. Nf5
Raa2 33. Nh4 b6 34. Bf5 Nh6 35. Bh3 b5 36. Rf1 Re7 37. Rf6 Rh7 38. Ng6 b4 39.
Ne5 b3 40. Rxc6+ Kb7 41. Bc8+ Kb8 42. Be6 Ra1+ 43. Kh2 b2 44. Rb6+ Rb7 45. Nd7+
Kc7 46. Rxb2 Rxb2 47. Nc5 Kd6 48. Nd3 Rd2 49. Nf4 Rd4 50. Kg3 Rxf4 51. Kxf4 Kxe6
52. Kg5 Nf7+ 53. Kg6 Rg1 54. Kh7 Rxg2 55. h6 Rh2 56. Kg7 Rxh6 57. Kg8 Rh2 58.
Kg7 Ne5 59. Kg8 Rg2+ 60. Kh7 Kf6 61. Kh8 Nf7+ 62. Kh7 Rg7# 0-1

[Event "Titled Tue 24th Jun Early"]
[Site "chess.com INT"]
[Date "2025.06.24"]
[Round "6"]
[White "Makarian, Rudik"]
[Black "Kosteniuk, Alexandra"]
[Result "0-1"]
[WhiteTitle "IM"]
[BlackTitle "GM"]
[WhiteElo "2524"]
[BlackElo "2474"]
[WhiteFideId "44105681"]
[BlackFideId "4128125"]
[EventDate "2025.06.24"]

1. d4 Nf6 2. c4 e6 3. Nf3 d5 4. g3 dxc4 5. Bg2 Nc6 6. Qa4 Bb4+ 7. Bd2 Bd6 8. Na3
Rb8 9. Nxc4 b5 10. Nxd6+ cxd6 11. Qb3 Na5 12. Qc2 Bb7 13. O-O Be4 14. Bxa5 Qxa5
15. Qd2 Qxd2 16. Nxd2 Bxg2 17. Kxg2 Kd7 18. Rfc1 Rhc8 19. e4 Rxc1 20. Rxc1 Rc8
21. Rxc8 Kxc8 22. f3 e5 23. Kf2 Kc7 24. Ke3 a5 25. a3 Kb6 26. g4 Nd7 27. h4 a4
28. g5 g6 29. f4 exf4+ 30. Kxf4 Kc6 31. Ke3 d5 32. Nf3 Kd6 33. Kd3 Ke6 34. exd5+
Kxd5 35. Nd2 f5 36. Nb1 Nb6 37. Nc3+ Kc6 38. Ne2 Nc4 39. Kc3 Ne3 40. Kd3 Ng2 41.
h5 gxh5 42. Ng3 h4 43. Nxf5 h3 44. Ng3 Kd5 45. Ne2 h2 46. Ng3 Nf4+ 47. Ke3 Ne6
48. Kf2 Nxg5 49. Kg2 Kxd4 50. Kxh2 Kd3 51. Nf5 Ne6 52. Nd6 Kc2 53. Nxb5 Kxb2 54.
Kg3 Kb3 55. Kg4 Kc4 56. Nd6+ Kb3 57. Nb5 Nc5 58. Kg5 Ne4+ 59. Kh6 Nc3 60. Nd6
Kxa3 0-1

[Event "Titled Tue 24th Jun Early"]
[Site "chess.com INT"]
[Date "2025.06.24"]
[Round "6"]
[White "Andrade, Ivan"]
[Black "Cori Quispe, Kevin Joel"]
[Result "1-0"]
[WhiteTitle "FM"]
[BlackTitle "GM"]
[WhiteElo "2144"]
[BlackElo "2464"]
[WhiteFideId "14800039"]
[BlackFideId "3814017"]
[EventDate "2025.06.24"]

1. e4 g6 2. d4 Bg7 3. c4 d6 4. Nc3 Nf6 5. f3 Nbd7 6. Be3 e5 7. d5 a5 8. Qd2 Nc5
9. O-O-O Bd7 10. Kb1 a4 11. Bh6 Bxh6 12. Qxh6 Qe7 13. Nh3 Ng8 14. Qg7 Qf6 15.
Qxf6 Nxf6 16. Nf2 Nh5 17. g3 f5 18. Bh3 Rf8 19. Rhf1 Ke7 20. Kc2 f4 21. Bxd7
fxg3 22. Bg4 gxf2 23. Bxh5 gxh5 24. Rxf2 Rg8 25. Rdf1 Raf8 26. b4 axb3+ 27. axb3
Rf4 28. b4 Nd7 29. Nb5 c6 30. dxc6 bxc6 31. Na7 Nb8 32. b5 cxb5 33. cxb5 d5 34.
Kd3 Kd6 35. exd5 Kxd5 36. Ke3 Rg7 37. Rd1+ Rd4 38. Ra1 Rc7 39. Ra3 Rc1 40. b6
Rb1 41. Nc8 Nc6 42. Rd2 Ke6 43. f4 exf4+ 44. Ke2 Kd7 45. Rxd4+ Nxd4+ 46. Kd3
Rd1+ 47. Ke4 Kxc8 48. Ra7 Ne6 49. Re7 Re1+ 50. Kd5 f3 51. b7+ Kb8 52. Rf7 Ng5
53. Rf5 Kxb7 54. Kd4 Re4+ 55. Kd3 Rg4 56. h4 1-0

[Event "Titled Tue 24th Jun Early"]
[Site "chess.com INT"]
[Date "2025.06.24"]
[Round "6"]
[White "Smietanska, Wiktoria"]
[Black "Lloret Ramis, Juan Jose"]
[Result "1-0"]
[WhiteTitle "CM"]
[BlackTitle "FM"]
[WhiteElo "2238"]
[BlackElo "2019"]
[WhiteFideId "21869359"]
[BlackFideId "2204053"]
[EventDate "2025.06.24"]

1. c4 Nf6 2. Nc3 e6 3. e4 d5 4. e5 d4 5. exf6 dxc3 6. bxc3 Qxf6 7. Nf3 e5 8. d4
exd4 9. Bg5 Qe6+ 10. Be2 Be7 11. Nxd4 Qe4 12. Bxe7 Qxe7 13. O-O O-O 14. Bf3 Na6
15. Re1 Qf6 16. Rb1 c6 17. Qe2 Nc5 18. Qe7 Qxe7 19. Rxe7 Bd7 20. Nb3 Nxb3 21.
Rxb3 Be6 22. Rbxb7 Bxc4 23. Bxc6 Bxa2 24. Rxa7 Rxa7 25. Rxa7 Be6 26. f3 Rc8 27.
Ra8 Rxa8 28. Bxa8 Kf8 29. Kf2 Ke7 30. Ke3 Kd6 31. Kd4 Bb3 32. c4 Ba4 33. c5+ Ke7
34. Kd5 Kd7 35. Ke5 f6+ 36. Kd4 Bb5 37. Be4 g6 38. Bd3 Bc6 39. Bc4 g5 40. Bg8 h5
41. Bf7 h4 42. Bd5 Bb5 43. Ke4 Bf1 44. g3 hxg3 45. hxg3 Be2 46. Kf5 g4 47. f4
Ke7 48. c6 Bf3 49. Be4 Kd6 50. Bd3 Bxc6 51. Kxf6 Bf3 52. Bf5 Be2 53. Kg5 Ke7 54.
Bxg4 Bd3 55. Bf5 Bc4 56. g4 Kf7 57. Be4 Be2 58. f5 Kg7 59. Kf4 Kf7 60. g5 1-0